| 000 | 01071-am-a2200241-a-4500 | ||
|---|---|---|---|
| 001 | 000124392 | ||
| 003 | AM-YEHGA | ||
| 005 | 20250617122619.0 | ||
| 008 | 981118s1976 xxu 000 0 rus u | ||
| 020 | _c1.04 | ||
| 040 | _aAM-YeHGA | ||
| 100 | 1 | 0 | _aПятенко, Ю.А. |
| 245 | 1 | 0 |
_aМинералогия кристаллохимия титана / _cЮ.А. Пятенко, А.А. Воронков, З.В. Пудовкина : Отв. ред. Александров. |
| 260 | 0 |
_aМосква : _bНаука , _c1976. |
|
| 300 | _a155 с. | ||
| 550 | _aАН СССР. Мин-во геологии СССР. Ин-т минералогии, геохимии и кристаллохимии редких элементов | ||
| 650 | 4 | _aГеология | |
| 700 | 1 | _aВоронков, А.А. | |
| 700 | 1 | _aПудовкина, З.В. | |
| 700 | 1 |
_aАлександров, В.Б. _4edt |
|
| 710 | 2 | _aИн-т минералогии, геохимии и кристаллохимии редких элементов АН СССР (ИМГРЭ) | |
| 090 | _c41733 | ||
| 999 |
_c41067 _d41067 |
||